[Event "Bhubaneswar SOA op 1st"]
[Site "Bhubaneswar"]
[Date "2024.01.31"]
[Round "5"]
[White "Ritviz, Parab"]
[Black "Nikhil, M."]
[Result "1-0"]
[WhiteElo "2391"]
[BlackElo "1900"]
[PlyCount "71"]
[EventDate "2024.01.28"]
[EventType "swiss"]
[EventRounds "10"]
[EventCountry "IND"]
[SourceTitle "CB06_2024"]
[SourceDate "2024.02.07"]
[SourceVersion "1"]
[SourceVersionDate "2024.02.07"]
[SourceQuality "1"]

1. e4 c5 2. Nc3 Nc6 3. Bb5 Nd4 4. Bc4 g6 5. Nge2 Bg7 6. Nxd4 cxd4 7. Qf3 Nh6 8. Ne2 0-0 9. d3 e5 10. Qg3 d6 11. h4 Ng4 12. h5 g5 13. h6 Bf6 14. Qf3 Kh8 15. Ng3 Be7 16. Nf5 Bxf5 17. exf5 Nf6 18. Bxg5 b5 19. Bb3 a5 20. a4 bxa4 21. Rxa4 Nd7 22. Bxe7 Qxe7 23. Bd5 Ra7 24. 0-0 Nb6 25. Ra3 Qf6 26. Rb3 Nd7 27. Qh5 Nc5 28. Rb6 Qe7 29. Ra1 Nd7 30. Rc6 Nf6 31. Qg5 Rg8 32. Rc8 Ne8 33. Qxe7 Rxe7 34. Rxa5 Nf6 35. Raa8 Rc7 36. Rxc7 1-0

[Event "Hyderabad Singh Ji Memorial"]
[Site "Hyderabad"]
[Date "2023.01.13"]
[Round "7"]
[White "Nikhil, M."]
[Black "Chakravarthi, Reddy M"]
[Result "0-1"]
[WhiteElo "1850"]
[BlackElo "2289"]
[PlyCount "54"]
[EventDate "2023.01.10"]
[EventType "swiss"]
[EventRounds "9"]
[EventCountry "IND"]
[SourceTitle "CBM 212 Extra"]
[Source "ChessBase"]
[SourceDate "2023.03.31"]
[SourceVersion "1"]
[SourceVersionDate "2023.03.31"]
[SourceQuality "1"]

1. e4 e6 2. d4 d5 3. Nc3 Nf6 4. Bg5 Be7 5. e5 Nfd7 6. h4 Bxg5 7. hxg5 Qxg5 8. Qd3 g6 9. Nh3 Qe7 10. Nf4 Nc6 11. 0-0-0 Nb6 12. Qe3 Bd7 13. Be2 0-0-0 14. Rh6 f6 15. exf6 Qxf6 16. g3 Kb8 17. Bb5 Qg7 18. Nfe2 e5 19. Bxc6 Bxc6 20. b3 Rde8 21. Rdh1 Nd7 22. f3 b6 23. dxe5 Nxe5 24. R6h4 Bb7 25. Qf2 c5 26. Re1 Rhf8 27. Ng1 Nd3+ 0-1

[Event "Hyderabad Singh Ji Memorial"]
[Site "Hyderabad"]
[Date "2023.01.13"]
[Round "8"]
[White "Srikant Koduri, Advaitt"]
[Black "Nikhil, M."]
[Result "0-1"]
[WhiteElo "1674"]
[BlackElo "1850"]
[PlyCount "114"]
[EventDate "2023.01.10"]
[EventType "swiss"]
[EventRounds "9"]
[EventCountry "IND"]
[SourceTitle "CBM 212 Extra"]
[Source "ChessBase"]
[SourceDate "2023.03.31"]
[SourceVersion "1"]
[SourceVersionDate "2023.03.31"]
[SourceQuality "1"]

1. d4 Nf6 2. Nf3 g6 3. Bf4 Bg7 4. e3 d6 5. h3 0-0 6. Be2 Nbd7 7. 0-0 b6 8. a4 a5 9. Bh2 Bb7 10. c3 Re8 11. Na3 e5 12. Nb5 Ne4 13. Qc2 Rc8 14. Na7 Ra8 15. Nb5 f5 16. Rfd1 Kh8 17. Nd2 Nxd2 18. Rxd2 Qc8 19. Rad1 Re7 20. Bc4 Nf6 21. Re2 Qe8 22. Ree1 Bxg2 23. Kxg2 Qc6+ 24. e4 Qxc4 25. exf5 Qd5+ 26. Kg1 e4 27. fxg6 Qg5+ 28. Kh1 Qxg6 29. Rg1 Qf5 30. Qe2 Qxh3 31. Rg3 Qf5 32. Rdg1 Bh6 33. Na3 Bf4 34. R3g2 Qh3 35. Qf1 Ng4 36. Nc2 Rg7 37. Ne3 Nxh2 38. Rg3 Qxg3 39. fxg3 Nxf1 40. Nxf1 e3 41. Rg2 Rag8 42. Re2 Bxg3 43. Nxe3 Re7 44. Kg2 Rxe3 45. Rxe3 Bf4+ 46. Kf3 Bxe3 47. Kxe3 h5 48. Ke4 h4 49. Kd5 h3 50. Kc6 Rg7 51. d5 h2 52. b4 h1Q 53. b5 Qh3 54. c4 Qd7+ 55. Kb7 c5+ 56. Kxb6 Qa7+ 57. Kc6 Qc7# 0-1

[Event "IND-ch 57th"]
[Site "Majitar"]
[Date "2019.12.10"]
[Round "1"]
[White "Nikhil, M."]
[Black "Sengupta, Deep"]
[Result "0-1"]
[WhiteElo "1960"]
[BlackElo "2564"]
[PlyCount "74"]
[EventDate "2019.12.10"]
[EventType "swiss"]
[EventRounds "11"]
[EventCountry "IND"]
[SourceTitle "CBM 193 Extra"]
[Source "ChessBase"]
[SourceDate "2020.01.31"]
[SourceVersion "1"]
[SourceVersionDate "2020.01.31"]
[SourceQuality "1"]

1. e4 e6 2. d4 d5 3. Nc3 Nf6 4. e5 Nfd7 5. f4 c5 6. Nf3 a6 7. Be3 Qb6 8. Na4 Qa5+ 9. c3 cxd4 10. b4 Qc7 11. Qxd4 Nc6 12. Qd2 Be7 13. Rc1 b5 14. Nb2 Nb6 15. Bd3 Bb7 16. 0-0 0-0 17. Qf2 Nc4 18. Nxc4 dxc4 19. Bc2 a5 20. a3 axb4 21. axb4 f6 22. exf6 Bxf6 23. Nd4 Nxd4 24. Bxd4 Qc6 25. Bc5 Rfd8 26. Qe2 g6 27. Rf3 Qd7 28. Rg3 Ra1 29. Rf1 Kh8 30. Bxg6 Rxf1+ 31. Kxf1 Qc7 32. Be3 hxg6 33. Rxg6 Bg7 34. Qh5+ Kg8 35. Rxe6 Qd7 36. Rg6 Qd3+ 37. Kf2 Qc2+ 0-1

[Event "Udaipur Lakecity blitz op 1st"]
[Site "Udaipur"]
[Date "2019.09.16"]
[Round "3"]
[White "Nikhil, M."]
[Black "Eraschenkov, Denis"]
[Result "0-1"]
[WhiteElo "1895"]
[BlackElo "2435"]
[PlyCount "104"]
[EventDate "2019.09.16"]
[EventType "swiss (blitz)"]
[EventRounds "9"]
[EventCountry "IND"]
[SourceTitle "EXT 2020"]
[Source "ChessBase"]
[SourceDate "2019.10.17"]
[SourceVersion "1"]
[SourceVersionDate "2019.10.17"]
[SourceQuality "1"]

1. e4 e6 2. d4 d5 3. Nc3 Nf6 4. e5 Nfd7 5. f4 c5 6. Nf3 Nc6 7. Be3 a6 8. Qd2 b5 9. Be2 Qb6 10. Nd1 b4 11. c3 a5 12. 0-0 Ba6 13. Bxa6 Rxa6 14. Kh1 Be7 15. Nf2 c4 16. Ng5 h6 17. Nf3 a4 18. a3 bxa3 19. bxa3 Na5 20. Ra2 g6 21. Nh3 Qb7 22. Qf2 Rb6 23. Nd2 h5 24. Ng5 Rb2 25. Rfa1 Rb3 26. Nxb3 cxb3 27. Rb2 Nc4 28. Rbb1 Nxa3 29. Rxa3 Bxa3 30. Qe2 Be7 31. Qb2 0-0 32. Bc1 Rb8 33. Qa1 Nb6 34. Ba3 Bxg5 35. fxg5 Nc4 36. Bb4 Ra8 37. Ba3 Qb6 38. h3 Qd8 39. h4 Qb6 40. Kh2 Rb8 41. Bb4 Qb5 42. Kg3 Nd2 43. Rb2 Qd3+ 44. Kh2 Nc4 45. Rf2 Qe4 46. Qf1 Qxh4+ 47. Kg1 Rb7 48. Rf4 Qxg5 49. Rf3 b2 50. Qb1 Qc1+ 51. Rf1 Qxb1 52. Rxb1 a3 0-1